| 000 | 00480nam a2200193Ia 4500 | ||
|---|---|---|---|
| 008 | 170918s9999 xx 000 0 und d | ||
| 020 | _a9781846651151 | ||
| 050 | _bD885t 2006 | ||
| 100 | _aDumas, Alexandre | ||
| 245 | 4 | _aThe three Musketeers / | |
| 245 | _cby Alexandre Dumas. | ||
| 260 | _aLondon : | ||
| 260 | _bCharrles Baker Ltd., | ||
| 260 | _c2006 | ||
| 300 | _a106 pages : | ||
| 300 | _billustrations ; | ||
| 300 | _c22cm. | ||
| 300 | _eCharles baker classics. | ||
| 999 |
_c343337 _d343337 |
||